[Event "Woerishofen sen 2016"]
[Site "Bad Woerishofen"]
[Date "2016.03.04"]
[Round "8.13"]
[White "Heppell, Ian N"]
[Black "Braeu, Ludwig"]
[Result "1-0"]
[WhiteElo "2077"]
[BlackElo "1894"]
[PlyCount "83"]
[EventDate "2016.02.26"]
[EventType "swiss"]
[EventCountry "GER"]
[WhiteTeam "ENG"]
[BlackTeam "Marktoberdorf SK"]
[WhiteTeamCountry "ENG"]
[BlackTeamCountry "GER"]

1. e4 c5 2. Nf3 Nc6 3. c3 Nf6 4. e5 Nd5 5. d4 cxd4 6. Bc4 Nb6 7. Bb3 d6 8. exd6
Qxd6 9. O-O Bg4 10. Bxf7+ Kxf7 11. Ng5+ Kg8 12. Qxg4 e5 13. cxd4 Nxd4 14. Nc3
Be7 15. Rd1 Qg6 16. h4 Bxg5 17. Qxg5 Qxg5 18. Bxg5 Kf7 19. Rac1 Rac8 20. Kf1 h6
21. Be3 Rhd8 22. Ne2 Rxc1 23. Rxc1 Nc2 24. Bxb6 axb6 25. g3 Rc8 26. Rd1 Ke7 27.
Kg2 Rc6 28. Rd2 Ke6 29. g4 Nb4 30. Nc3 Rc5 31. Kg3 b5 32. f3 Nd5 33. Nxd5 Rxd5
34. Rc2 Rd7 35. Kf2 b6 36. Ke3 Rd4 37. Rd2 Rxd2 38. Kxd2 Kd6 39. b4 g5 40. hxg5
hxg5 41. Ke3 Kd5 42. Kd3 1-0

[Event "Woerishofen sen 2016"]
[Site "Bad Woerishofen"]
[Date "2016.03.04"]
[Round "8.14"]
[White "Sand, Rolf"]
[Black "Stokes, Paul C"]
[Result "1-0"]
[WhiteElo "2032"]
[BlackElo "1850"]
[PlyCount "69"]
[EventDate "2016.02.26"]
[EventType "swiss"]
[EventCountry "GER"]
[WhiteTeam "Tuebingen SV"]
[BlackTeam "ENG"]
[WhiteTeamCountry "GER"]
[BlackTeamCountry "ENG"]

1. c4 c5 2. g3 g6 3. Bg2 Bg7 4. Nf3 Nc6 5. Nc3 Nf6 6. d4 cxd4 7. Nxd4 Nxd4 8.
Qxd4 O-O 9. O-O d6 10. Qd3 Rb8 11. Bd2 Bd7 12. Rac1 Bc6 13. Rfd1 Bxg2 14. Kxg2
Rc8 15. b3 Nd7 16. e4 Ne5 17. Qe2 Qd7 18. Be3 b6 19. Bd4 Qb7 20. f4 Nc6 21.
Bxg7 Kxg7 22. Nd5 Rfd8 23. Kg1 Qd7 24. Qb2+ Kg8 25. b4 Re8 26. e5 Rb8 27. exd6
Qxd6 28. Re1 Rbc8 29. Rcd1 Qb8 30. b5 Na5 31. Rxe7 Nxc4 32. Rxe8+ Rxe8 33. Qd4
Qc8 34. Nf6+ Kf8 35. Nxe8 1-0

[Event "Woerishofen sen 2016"]
[Site "Bad Woerishofen"]
[Date "2016.03.04"]
[Round "8.15"]
[White "Waltenberger, Udo"]
[Black "Klein, Klaus"]
[Result "0-1"]
[WhiteElo "2026"]
[BlackElo "1949"]
[PlyCount "84"]
[EventDate "2016.02.26"]
[EventType "swiss"]
[EventCountry "GER"]
[WhiteTeam "Reichenbrand SV Eiche"]
[BlackTeam "Heidelberg SF"]
[WhiteTeamCountry "GER"]
[BlackTeamCountry "GER"]

1. Nf3 d5 2. g3 c6 3. Bg2 Nf6 4. O-O Bg4 5. d4 Bxf3 6. Bxf3 Nbd7 7. Nd2 e5 8.
dxe5 Nxe5 9. Bg2 Be7 10. e3 O-O 11. Nf3 Nxf3+ 12. Qxf3 Nd7 13. Rd1 Qc7 14. Qe2
Bf6 15. Rb1 Rad8 16. b3 Rfe8 17. Bb2 Bxb2 18. Rxb2 Nf6 19. c3 Qa5 20. Qd3 Ne4
21. b4 Qc7 22. Qc2 Nd6 23. Qb3 Nc4 24. Re2 f5 25. Rd4 Qf7 26. a4 g6 27. Re1 a6
28. a5 Nd6 29. Red1 Nb5 30. R4d3 Rd6 31. Qa2 Red8 32. Bf1 Qf6 33. c4 Nc3 34.
Rxc3 Qxc3 35. c5 Re6 36. Rb1 Kg7 37. Rb3 Qf6 38. Bg2 Ree8 39. Rd3 d4 40. exd4
Rxd4 41. Qd2 Red8 42. Rxd4 Qxd4 0-1

[Event "Woerishofen sen 2016"]
[Site "Bad Woerishofen"]
[Date "2016.03.04"]
[Round "8.16"]
[White "Spurga, Josef"]
[Black "Lange, Manfred"]
[Result "1/2-1/2"]
[WhiteElo "2002"]
[BlackElo "2098"]
[PlyCount "90"]
[EventDate "2016.02.26"]
[EventType "swiss"]
[EventCountry "GER"]
[WhiteTeam "Sindelfingen VfL"]
[BlackTeam "Wuerzburg SV"]
[WhiteTeamCountry "GER"]
[BlackTeamCountry "GER"]

1. e4 e5 2. Nf3 Nc6 3. Bb5 a6 4. Ba4 d6 5. d4 exd4 6. Nxd4 Bd7 7. c3 Nf6 8. O-O
Be7 9. Bc2 O-O 10. h3 Re8 11. Bf4 Bf8 12. Re1 Ne5 13. Nd2 c5 14. Ne2 b5 15. Ng3
Qc7 16. Bg5 Be7 17. Nf3 h6 18. Be3 Rad8 19. Nxe5 dxe5 20. Qf3 Qc8 21. Rad1 Be6
22. b3 Ng4 23. Bc1 Nf6 24. Nh5 Nxh5 25. Qxh5 Qc7 26. Rf1 Qa5 27. Bb1 Qxc3 28.
Rde1 Bf6 29. Re3 Qa1 30. Rg3 Qxb1 31. Qxh6 Kf8 32. Qxf6 gxf6 33. Bh6+ Ke7 34.
Rxb1 c4 35. bxc4 Bxc4 36. Rc3 Rd4 37. f3 Red8 38. Rb2 Rd3 39. Rxd3 Rxd3 40. Bd2
Ke6 41. Bb4 f5 42. exf5+ Kxf5 43. Kf2 Kg6 44. a3 f5 45. Rd2 Rxd2+ 1/2-1/2

[Event "Woerishofen sen 2016"]
[Site "Bad Woerishofen"]
[Date "2016.03.04"]
[Round "8.17"]
[White "Winter, Bernd"]
[Black "Lang, Ferdinand"]
[Result "0-1"]
[WhiteElo "1922"]
[BlackElo "2097"]
[PlyCount "84"]
[EventDate "2016.02.26"]
[EventType "swiss"]
[EventCountry "GER"]
[WhiteTeam "Muenchen SK Siemens"]
[BlackTeam "Willsbach TSV"]
[WhiteTeamCountry "GER"]
[BlackTeamCountry "GER"]

1. e4 e5 2. Nf3 Nc6 3. Bb5 a6 4. Ba4 Nf6 5. O-O Be7 6. Re1 b5 7. Bb3 O-O 8. c3
d6 9. d3 Na5 10. Bc2 c5 11. Nbd2 Qc7 12. Nf1 Re8 13. Ng3 Bd7 14. h3 Nc6 15. Nh2
d5 16. exd5 Nxd5 17. Qf3 Be6 18. Ne4 f6 19. Bb3 Rad8 20. Be3 Na5 21. Bc2 Bf7
22. g4 Nb7 23. Ng3 Nd6 24. Nf5 Bf8 25. Nf1 Nxf5 26. gxf5 Ne7 27. Ng3 Qc8 28.
Kh2 Bd5 29. Qg4 Qc6 30. Ne4 g6 31. Rg1 Bg7 32. fxg6 hxg6 33. Qg3 f5 34. Ng5 f4
35. Qh4 fxe3 36. Qh7+ Kf8 37. fxe3 Nf5 38. Raf1 Qf6 39. Ne4 Bxe4 40. dxe4 Rd2+
41. Rg2 Rxg2+ 42. Kxg2 Nxe3+ 0-1

[Event "Woerishofen sen 2016"]
[Site "Bad Woerishofen"]
[Date "2016.03.04"]
[Round "8.18"]
[White "Trefzer, Erhard"]
[Black "Erhart, Uwe"]
[Result "1/2-1/2"]
[WhiteElo "1897"]
[BlackElo "2079"]
[PlyCount "42"]
[EventDate "2016.02.26"]
[EventType "swiss"]
[EventCountry "GER"]
[WhiteTeam "Besigheim SV"]
[BlackTeam "Raisdorfer SG"]
[WhiteTeamCountry "GER"]
[BlackTeamCountry "GER"]

1. e4 c5 2. Nc3 Nc6 3. g3 g6 4. Bg2 Bg7 5. d3 e6 6. Be3 d6 7. Qd2 Nge7 8. Bh6
O-O 9. h4 Bxh6 10. Qxh6 Kh8 11. Nf3 Ng8 12. Qd2 h6 13. O-O-O e5 14. Nh2 Kh7 15.
Nd5 Nce7 16. Ne3 Rb8 17. g4 Nc6 18. h5 g5 19. Nf5 Bxf5 20. exf5 Qa5 21. Qxa5
Nxa5 1/2-1/2

[Event "Woerishofen sen 2016"]
[Site "Bad Woerishofen"]
[Date "2016.03.04"]
[Round "8.19"]
[White "Rumsey, Victor B"]
[Black "Glatthor, Thomas"]
[Result "1/2-1/2"]
[WhiteElo "1864"]
[BlackElo "2071"]
[PlyCount "75"]
[EventDate "2016.02.26"]
[EventType "swiss"]
[EventCountry "GER"]
[WhiteTeam "ENG"]
[BlackTeam "Hermsdorf VfB"]
[WhiteTeamCountry "ENG"]
[BlackTeamCountry "GER"]

1. d4 d6 2. Nf3 Nf6 3. c4 g6 4. Nc3 Bg7 5. e4 c6 6. h3 Nbd7 7. Be3 e5 8. d5 c5
9. a3 a6 10. Be2 O-O 11. g4 Ne8 12. Rg1 f6 13. Nd2 g5 14. Nf1 Rf7 15. Ng3 Nf8
16. Nf5 Ng6 17. f3 Nf4 18. Bf1 Bf8 19. Ng3 Bd7 20. Rh1 Nc7 21. a4 b6 22. b3 Rb8
23. h4 h6 24. Ra2 b5 25. axb5 axb5 26. hxg5 fxg5 27. Nf5 Bxf5 28. exf5 bxc4 29.
bxc4 Ne8 30. Bd3 Rfb7 31. Bxf4 exf4 32. Qe2 Re7 33. Ne4 Bg7 34. Kf1 Rb3 35. Kg2
Nf6 36. Rb1 Rxb1 37. Bxb1 Nxe4 38. Bxe4 1/2-1/2

[Event "Woerishofen sen 2016"]
[Site "Bad Woerishofen"]
[Date "2016.03.04"]
[Round "8.20"]
[White "Klempt, Guenter"]
[Black "Young, Mel J"]
[Result "1-0"]
[WhiteElo "2039"]
[BlackElo "1912"]
[PlyCount "99"]
[EventDate "2016.02.26"]
[EventType "swiss"]
[EventCountry "GER"]
[WhiteTeam "Bochumer SV"]
[BlackTeam "ENG"]
[WhiteTeamCountry "GER"]
[BlackTeamCountry "ENG"]

1. d4 c5 2. Nf3 cxd4 3. Nxd4 d5 4. Bf4 f6 5. Bg3 e5 6. Nb3 Nc6 7. e3 Be6 8.
N1d2 Bd6 9. c4 dxc4 10. Bxc4 Bxc4 11. Nxc4 Bb4+ 12. Ncd2 Qd5 13. O-O Rd8 14.
Qg4 Qf7 15. Rfd1 h5 16. Qh3 g5 17. f4 g4 18. Qh4 Nce7 19. Be1 Rd3 20. Ne4 Nf5
21. Qf2 Rxd1 22. Rxd1 Bxe1 23. Qxe1 Qc4 24. Nd6+ Nxd6 25. Rxd6 Rh7 26. fxe5
fxe5 27. Qd2 Ne7 28. Rd7 Qe4 29. Rd8+ Kf7 30. Rd7 Ke8 31. Rd8+ Kf7 32. Qf2+ Qf5
33. Rd7 Kg6 34. Rxb7 Qb1+ 35. Qf1 Qxf1+ 36. Kxf1 Nd5 37. Rxh7 Kxh7 38. Ke2 Kg6
39. a3 h4 40. Kd3 Nf6 41. Nc5 Kf5 42. b4 Nh7 43. Ne4 Nf8 44. b5 Nd7 45. a4 Nb6
46. a5 Nd7 47. Nd6+ Ke6 48. Nc8 h3 49. gxh3 gxh3 50. Nxa7 1-0

[Event "Woerishofen sen 2016"]
[Site "Bad Woerishofen"]
[Date "2016.03.04"]
[Round "8.21"]
[White "Harsch, Martin"]
[Black "Fitzke, Ulrich"]
[Result "1/2-1/2"]
[WhiteElo "2029"]
[BlackElo "1909"]
[PlyCount "73"]
[EventDate "2016.02.26"]
[EventType "swiss"]
[EventCountry "GER"]
[WhiteTeam "SUI"]
[BlackTeam "Berlin SV Bau Union"]
[WhiteTeamCountry "SUI"]
[BlackTeamCountry "GER"]

1. e4 c5 2. Nf3 d6 3. Bb5+ Bd7 4. Bxd7+ Qxd7 5. c4 g6 6. d4 cxd4 7. Qxd4 Nf6 8.
O-O Nc6 9. Qd3 Bg7 10. Nc3 O-O 11. h3 Rac8 12. Be3 Rfd8 13. b3 h6 14. Rad1 Kh7
15. Rfe1 Qc7 16. Nd4 Nxd4 17. Bxd4 Qa5 18. Re2 Re8 19. Red2 Nd7 20. Bxg7 Kxg7
21. Nd5 Qc5 22. Qd4+ Qxd4 23. Rxd4 Nf6 24. f3 Nxd5 25. Rxd5 Rc7 26. Kf2 Rec8
27. Ke3 Rc5 28. f4 Rxd5 29. Rxd5 Kf6 30. Kd4 h5 31. e5+ dxe5+ 32. fxe5+ Ke6 33.
c5 Rc6 34. b4 Ra6 35. Kc4 Rxa2 36. Rd8 a5 37. Ra8 1/2-1/2

[Event "Woerishofen sen 2016"]
[Site "Bad Woerishofen"]
[Date "2016.03.04"]
[Round "8.22"]
[White "Blutharsch, Walter"]
[Black "Vonach, Bernhard"]
[Result "0-1"]
[WhiteElo "1854"]
[BlackElo "1999"]
[PlyCount "92"]
[EventDate "2016.02.26"]
[EventType "swiss"]
[EventCountry "GER"]
[WhiteTeam "Sindelfingen VfL"]
[BlackTeam "Windach SF"]
[WhiteTeamCountry "GER"]
[BlackTeamCountry "GER"]

1. e4 e5 2. Nf3 Nc6 3. Bb5 a6 4. Ba4 Nf6 5. d3 d6 6. O-O Be7 7. c3 O-O 8. Bc2
Bg4 9. Be3 d5 10. Nbd2 d4 11. cxd4 exd4 12. Bf4 Nh5 13. Bg3 Nxg3 14. fxg3 Nb4
15. Bb1 c5 16. a3 Nc6 17. Qe1 b5 18. Ba2 Be6 19. Qe2 Bxa2 20. Rxa2 Qd7 21. Nh4
Bxh4 22. gxh4 Ne5 23. Rf5 Qe6 24. Ra1 Rae8 25. Raf1 c4 26. dxc4 bxc4 27. Qf2 c3
28. bxc3 dxc3 29. Nf3 Nxf3+ 30. gxf3 Rc8 31. Rc1 Rfd8 32. Rc2 Qc4 33. Rg5 h6
34. Rg4 Qc5 35. Qxc5 Rxc5 36. Rgg2 Rd1+ 37. Kf2 Ra1 38. Ke3 Rxa3 39. Kd4 Rc8
40. f4 Ra4+ 41. Kd3 Rac4 42. Rg1 f5 43. Re1 fxe4+ 44. Rxe4 Rxe4 45. Kxe4 Kf7
46. Ke5 a5 0-1

[Event "Woerishofen sen 2016"]
[Site "Bad Woerishofen"]
[Date "2016.03.04"]
[Round "8.23"]
[White "Krotofil, Kurt"]
[Black "Dietl, Robert"]
[Result "1/2-1/2"]
[WhiteElo "1987"]
[BlackElo "1855"]
[PlyCount "30"]
[EventDate "2016.02.26"]
[EventType "swiss"]
[EventCountry "GER"]
[WhiteTeam "Niendorfer TSV"]
[BlackTeam "Koenigsbrunn SK"]
[WhiteTeamCountry "GER"]
[BlackTeamCountry "GER"]

1. d4 Nf6 2. c4 g6 3. Nc3 d5 4. Bf4 Bg7 5. e3 c5 6. dxc5 Qa5 7. Qa4+ Qxa4 8.
Nxa4 Nc6 9. Nc3 Be6 10. Nb5 O-O-O 11. Nf3 Nh5 12. Bg5 h6 13. Bh4 g5 14. Bg3
Nxg3 15. hxg3 dxc4 1/2-1/2

[Event "Woerishofen sen 2016"]
[Site "Bad Woerishofen"]
[Date "2016.03.04"]
[Round "8.24"]
[White "Roth, Heinz Georg"]
[Black "Engbrecht, Helmut"]
[Result "1-0"]
[WhiteElo "1823"]
[BlackElo "1980"]
[PlyCount "85"]
[EventDate "2016.02.26"]
[EventType "swiss"]
[EventCountry "GER"]
[WhiteTeam "Lindau SC"]
[BlackTeam "Schorndorf SV"]
[WhiteTeamCountry "GER"]
[BlackTeamCountry "GER"]

1. e4 e5 2. Nf3 Nc6 3. Nc3 Bc5 4. Be2 d6 5. d3 Nge7 6. O-O O-O 7. Bg5 f6 8. Bd2
d5 9. exd5 Nxd5 10. Ne4 Bb6 11. Ng3 Be6 12. a3 a5 13. c3 a4 14. Qc2 Nde7 15.
Rad1 Bb3 16. Qc1 Bxd1 17. Rxd1 Na5 18. Qc2 Nb3 19. d4 exd4 20. Bd3 g6 21. Bh6
Rf7 22. Nh4 Nc5 23. Bc4 d3 24. Bxf7+ Kxf7 25. Qc1 Qd5 26. Qf4 Rd8 27. Nf3 Ne6
28. Qxa4 g5 29. Qg4 Ng6 30. Ne4 Nef4 31. Nexg5+ fxg5 32. Bxg5 Re8 33. Bxf4 Re2
34. Bg3 Rxb2 35. Ng5+ Kg7 36. Ne6+ Kf6 37. Nf4 Qb3 38. Nh5+ Kf7 39. Qd7+ Ne7
40. Qxd3 Qxa3 41. Qf3+ Kg6 42. Qg4+ Kf7 43. Qg7+ 1-0

[Event "Woerishofen sen 2016"]
[Site "Bad Woerishofen"]
[Date "2016.03.04"]
[Round "8.25"]
[White "Plischke, Berthold"]
[Black "Klimpel, Siegfried"]
[Result "1-0"]
[WhiteElo "1953"]
[BlackElo "1855"]
[PlyCount "65"]
[EventDate "2016.02.26"]
[EventType "swiss"]
[EventCountry "GER"]
[WhiteTeam "Wesel SV"]
[BlackTeam "Kareth Lappersdorf TSV"]
[WhiteTeamCountry "GER"]
[BlackTeamCountry "GER"]

1. e4 c5 2. Nf3 Nc6 3. d4 cxd4 4. Nxd4 Nf6 5. Nc3 e5 6. Ndb5 d6 7. a4 a6 8. Na3
Be6 9. Nc4 Be7 10. Bg5 h6 11. Bxf6 gxf6 12. Nd5 f5 13. Nxe7 Kxe7 14. exf5 Bxf5
15. Ne3 Be6 16. Nd5+ Kf8 17. Bc4 Nd4 18. c3 Rc8 19. Ba2 Rg8 20. Ne3 Nf5 21.
Bxe6 fxe6 22. Qf3 Rc7 23. g4 Rcg7 24. gxf5 exf5 25. O-O-O f4 26. Nc4 Rd7 27.
Qh5 b5 28. Qf5+ Ke7 29. Qh7+ Kf8 30. Qxh6+ Ke7 31. Qh4+ Ke6 32. Qh3+ Kf7 33.
Nxe5+ 1-0

[Event "Woerishofen sen 2016"]
[Site "Bad Woerishofen"]
[Date "2016.03.04"]
[Round "8.26"]
[White "Reimann, Guenther"]
[Black "Hansch, Klaus Michael"]
[Result "1/2-1/2"]
[WhiteElo "1941"]
[BlackElo "1850"]
[PlyCount "50"]
[EventDate "2016.02.26"]
[EventType "swiss"]
[EventCountry "GER"]
[WhiteTeam "Magstadt SC"]
[BlackTeam "Berlin SC WD"]
[WhiteTeamCountry "GER"]
[BlackTeamCountry "GER"]

1. c4 c5 2. Nf3 Nc6 3. g3 Nf6 4. d3 e6 5. Bg2 Be7 6. O-O O-O 7. a3 d6 8. Nbd2
Rb8 9. Qc2 Qc7 10. Rb1 b6 11. e3 Bb7 12. Re1 Rbc8 13. b3 d5 14. Bb2 Rfd8 15.
Rbd1 e5 16. Nh4 d4 17. e4 g6 18. Bc1 Rb8 19. Nf1 Bc8 20. h3 Nh5 21. Nf3 b5 22.
Bd2 bxc4 23. bxc4 Be6 24. Rb1 Rxb1 25. Rxb1 Rb8 1/2-1/2

[Event "Woerishofen sen 2016"]
[Site "Bad Woerishofen"]
[Date "2016.03.04"]
[Round "8.27"]
[White "Aigner, Georg"]
[Black "Hager, Eberhard"]
[Result "1-0"]
[WhiteElo "1932"]
[BlackElo "1745"]
[PlyCount "133"]
[EventDate "2016.02.26"]
[EventType "swiss"]
[EventCountry "GER"]
[WhiteTeam "Taufkirchen SC"]
[BlackTeam "Friedberg SC"]
[WhiteTeamCountry "GER"]
[BlackTeamCountry "GER"]

1. e4 d6 2. d4 Nf6 3. Nc3 c6 4. Nf3 Bg4 5. Be2 e6 6. O-O Be7 7. e5 dxe5 8. Nxe5
Bxe2 9. Nxe2 O-O 10. Ng3 Nbd7 11. Qe2 Qc8 12. Bg5 Nd5 13. Bd2 Qc7 14. Rfe1 N5f6
15. h4 c5 16. dxc5 Nxe5 17. Qxe5 Qxc5 18. Qxc5 Bxc5 19. Be3 Bxe3 20. fxe3 Rac8
21. c3 Rfd8 22. Rad1 g6 23. Kf2 Ng4+ 24. Ke2 Kg7 25. Rd4 Nf6 26. Red1 Rxd4 27.
Rxd4 Rc7 28. Kd3 a6 29. c4 e5 30. Rd6 Ng4 31. b3 f5 32. Rd8 Kh6 33. Rd6 Kg7 34.
Nf1 Nf2+ 35. Kc2 Kh6 36. Rd5 e4 37. Ng3 Ng4 38. Kd2 Nf6 39. Rd6 Kg7 40. Kc3 Ne8
41. Rd8 Nf6 42. Kd4 Rd7+ 43. Rxd7+ Nxd7 44. b4 Kf6 45. Kd5 Nb6+ 46. Kd4 Ke6 47.
Ne2 Nd7 48. c5 Nf6 49. a4 Nd5 50. b5 axb5 51. axb5 Nb4 52. Nf4+ Kd7 53. Kc3
Na2+ 54. Kb3 Nc1+ 55. Kb2 Nd3+ 56. Nxd3 exd3 57. Kc3 Ke6 58. Kxd3 Kd5 59. c6
bxc6 60. b6 Kd6 61. Kc4 h6 62. g3 h5 63. Kb4 c5+ 64. Kb5 c4 65. Ka6 c3 66. b7
Kc7 67. Ka7 1-0

[Event "Woerishofen sen 2016"]
[Site "Bad Woerishofen"]
[Date "2016.03.04"]
[Round "8.28"]
[White "Abel, Hans Peter"]
[Black "Gailis, Gunnar"]
[Result "1/2-1/2"]
[WhiteElo "1928"]
[BlackElo "1753"]
[PlyCount "126"]
[EventDate "2016.02.26"]
[EventType "swiss"]
[EventCountry "GER"]
[WhiteTeam "Leinfelden SC"]
[BlackTeam "Hilden SV"]
[WhiteTeamCountry "GER"]
[BlackTeamCountry "GER"]

1. Nf3 Nf6 2. c4 g6 3. g3 Bg7 4. Bg2 e6 5. d4 d5 6. O-O c6 7. Qc2 O-O 8. b3
Nbd7 9. Bb2 b6 10. Nbd2 Bb7 11. Rad1 Rc8 12. Qb1 Qe7 13. Rfe1 Rfe8 14. e4 dxe4
15. Nxe4 Nxe4 16. Qxe4 Nf6 17. Qe2 Qc7 18. Ne5 Nd7 19. f4 Nxe5 20. dxe5 Bf8 21.
Rd3 Red8 22. Red1 Rxd3 23. Qxd3 a5 24. Qd7 Be7 25. Qxc7 Rxc7 26. Kf1 Kf8 27.
Rd2 Ke8 28. Bd4 c5 29. Bxb7 Rxb7 30. Be3 Rd7 31. Ke2 Rxd2+ 32. Bxd2 h5 33. h3
Kd7 34. Kf3 Ke8 35. g4 hxg4+ 36. hxg4 Kd7 37. Ke4 Bf8 38. f5 gxf5+ 39. gxf5 Be7
40. Bh6 Ke8 41. Kf4 Bd8 42. Bg7 Bc7 43. Bf6 Bb8 44. Kg5 Bc7 45. Bg7 Bd8+ 46.
Bf6 Bc7 47. Kg4 Kd7 48. Kf4 Ke8 49. Ke4 Kd7 50. Bg7 Ke8 51. Bh6 Bd8 52. a3 Be7
53. f6 Bd8 54. Bd2 Kd7 55. Kf4 Bc7 56. Bc3 Ke8 57. Kg5 Bb8 58. Kf4 Kd7 59. Ke4
Kc6 60. Bd2 Kd7 61. Be3 Bc7 62. Bd2 Ke8 63. Bh6 Bb8 1/2-1/2

[Event "Woerishofen sen 2016"]
[Site "Bad Woerishofen"]
[Date "2016.03.04"]
[Round "8.30"]
[White "Rueggeberg, Wilhelm"]
[Black "Oud, Niek"]
[Result "0-1"]
[WhiteElo "1843"]
[BlackElo "1952"]
[PlyCount "114"]
[EventDate "2016.02.26"]
[EventType "swiss"]
[EventCountry "GER"]
[WhiteTeam "Saarburg Trier SF"]
[BlackTeam "NED"]
[WhiteTeamCountry "GER"]
[BlackTeamCountry "NED"]

1. d4 d5 2. c4 c6 3. Nc3 Nf6 4. Nf3 e6 5. e3 Be7 6. cxd5 exd5 7. Bd3 O-O 8. O-O
Bg4 9. Be2 Nbd7 10. Qc2 Re8 11. Ne5 Bxe2 12. Qxe2 Nxe5 13. dxe5 Nd7 14. f4 Qb6
15. Kh1 Rad8 16. Na4 Qa5 17. Qc2 b5 18. Bd2 Qa6 19. Nc3 b4 20. Na4 c5 21. b3 c4
22. Rf3 c3 23. Be1 Qb5 24. Rd1 Nf8 25. Qd3 Qxd3 26. Rxd3 Rc8 27. Rf1 Red8 28.
g3 f6 29. exf6 Bxf6 30. Kg2 Ne6 31. Kf3 Nc5 32. Nxc5 Rxc5 33. g4 g6 34. g5 Bg7
35. h4 Rd6 36. e4 dxe4+ 37. Kxe4 Re6+ 38. Kf3 Ra5 39. a4 Rc5 40. Rd8+ Kf7 41.
Rd7+ Re7 42. Rxe7+ Kxe7 43. Bf2 Rc6 44. Re1+ Kd6 45. Be3 Kd5 46. Rd1+ Ke6 47.
Bc1 c2 48. Re1+ Kf5 49. Re2 Bd4 50. Kg2 Rc3 51. Kh2 Kg4 52. Kg2 Kxh4 53. Kh1
Rh3+ 54. Rh2 Kg3 55. Rxh3+ Kxh3 56. a5 a6 57. Bd2 Bb2 0-1

[Event "Woerishofen sen 2016"]
[Site "Bad Woerishofen"]
[Date "2016.03.04"]
[Round "8.31"]
[White "Juenger, Leonhard"]
[Black "Zschorsch, Peter"]
[Result "1-0"]
[WhiteElo "1807"]
[BlackElo "1941"]
[PlyCount "79"]
[EventDate "2016.02.26"]
[EventType "swiss"]
[EventCountry "GER"]
[WhiteTeam "Aachener SV"]
[BlackTeam "Karlsruher SF"]
[WhiteTeamCountry "GER"]
[BlackTeamCountry "GER"]

1. e4 d5 2. exd5 Nf6 3. d4 Qxd5 4. Nc3 Qa5 5. Nf3 Ne4 6. Bd2 Nxd2 7. Qxd2 e6 8.
Be2 Bb4 9. O-O O-O 10. Qe3 Bxc3 11. bxc3 Nd7 12. Nd2 Nf6 13. c4 Re8 14. Bf3 c6
15. Nb3 Qb4 16. Nd2 Qa5 17. Rfe1 h6 18. a4 Qc7 19. a5 Bd7 20. Ne4 Nxe4 21. Qxe4
Rab8 22. c5 e5 23. dxe5 Be6 24. Qe3 Bc4 25. Qc3 Bb5 26. Be4 Rbd8 27. Rad1 g6
28. Rxd8 Qxd8 29. f4 Qc7 30. Rd1 Rd8 31. Rd6 Rxd6 32. cxd6 Qd8 33. h3 Qd7 34.
Kh2 b6 35. axb6 axb6 36. Qa3 Qb7 37. f5 gxf5 38. Bxf5 Qb8 39. Qg3+ Kf8 40. Qh4
1-0

[Event "Woerishofen sen 2016"]
[Site "Bad Woerishofen"]
[Date "2016.03.04"]
[Round "8.32"]
[White "Schnell, Franz"]
[Black "Oppermann, Peter"]
[Result "1-0"]
[WhiteElo "1762"]
[BlackElo "1933"]
[PlyCount "85"]
[EventDate "2016.02.26"]
[EventType "swiss"]
[EventCountry "GER"]
[WhiteTeam "Trossingen SV"]
[BlackTeam "Harzburg Bad SK"]
[WhiteTeamCountry "GER"]
[BlackTeamCountry "GER"]

1. d4 e6 2. Nf3 Nf6 3. Bf4 d5 4. e3 Nbd7 5. Be2 Be7 6. h3 O-O 7. O-O b6 8. Nc3
a6 9. Ne5 Bb7 10. Bf3 c5 11. Ne2 Rc8 12. c3 Nxe5 13. Bxe5 Nd7 14. Bg3 Nf6 15.
Be5 Bd6 16. Bxd6 Qxd6 17. Rc1 c4 18. Ng3 Nd7 19. e4 dxe4 20. Nxe4 Bxe4 21. Bxe4
Rc7 22. Qf3 Nf6 23. Bb1 b5 24. a3 a5 25. Rfe1 b4 26. axb4 axb4 27. Re5 Nd7 28.
Rb5 bxc3 29. bxc3 Qa6 30. Rg5 g6 31. h4 Qa3 32. Re1 Qd6 33. h5 f6 34. Rg3 g5
35. Qe4 Rf7 36. Qxe6 Qxe6 37. Rxe6 Rb7 38. Be4 Rb6 39. Bd5 Rb1+ 40. Kh2 Kg7 41.
Bxc4 Nf8 42. Re8 Rc7 43. Bd3 1-0

[Event "Woerishofen sen 2016"]
[Site "Bad Woerishofen"]
[Date "2016.03.04"]
[Round "8.33"]
[White "Hohler, Peter"]
[Black "Taufratshofer, Martin"]
[Result "1/2-1/2"]
[WhiteElo "2138"]
[BlackElo "2009"]
[PlyCount "48"]
[EventDate "2016.02.26"]
[EventType "swiss"]
[EventCountry "GER"]
[WhiteTeam "SUI"]
[BlackTeam "Oberguenzburg SK"]
[WhiteTeamCountry "SUI"]
[BlackTeamCountry "GER"]

1. d4 g6 2. c4 Bg7 3. Nc3 d6 4. e4 Nf6 5. f3 O-O 6. Be3 c5 7. Nge2 cxd4 8. Nxd4
Nc6 9. Qd2 Nxd4 10. Bxd4 Qa5 11. Be2 Be6 12. O-O Rfc8 13. b3 b5 14. b4 Qxb4 15.
Rab1 Qa5 16. Rxb5 Qd8 17. Nd5 Bxd5 18. exd5 Nd7 19. Bxg7 Kxg7 20. h4 Nf6 21.
Rfb1 Rcb8 22. Rb7 Rxb7 23. Rxb7 Rb8 24. Rxb8 Qxb8 1/2-1/2

[Event "Woerishofen sen 2016"]
[Site "Bad Woerishofen"]
[Date "2016.03.04"]
[Round "8.34"]
[White "Abegg, Beat"]
[Black "Neumann, Erwin"]
[Result "1-0"]
[WhiteElo "1914"]
[BlackElo "1870"]
[PlyCount "61"]
[EventDate "2016.02.26"]
[EventType "swiss"]
[EventCountry "GER"]
[WhiteTeam "SUI"]
[BlackTeam "Schwaebisch Hall SK"]
[WhiteTeamCountry "SUI"]
[BlackTeamCountry "GER"]

1. d4 d5 2. c4 c6 3. Nf3 Nf6 4. e3 Bf5 5. Nc3 e6 6. Be2 Bd6 7. Nh4 Ne4 8. Nxf5
Nxc3 9. Nxd6+ Qxd6 10. bxc3 f5 11. Qb3 b6 12. cxd5 exd5 13. O-O Nd7 14. Ba3 Qe6
15. c4 Nf6 16. cxd5 cxd5 17. Rfc1 Kf7 18. Rc7+ Kg6 19. Rac1 f4 20. R1c6 Qe8 21.
Qc2+ Kh6 22. Bc1 Rf8 23. exf4 Qxe2 24. Qxe2 Rae8 25. f5+ g5 26. fxg6+ Kxg6 27.
Re6 Rxe6 28. Qxe6 Re8 29. Re7 Rf8 30. h4 Kh5 31. Bg5 1-0

[Event "Woerishofen sen 2016"]
[Site "Bad Woerishofen"]
[Date "2016.03.04"]
[Round "8.35"]
[White "Zerweck, Christoph"]
[Black "Mircoli, Filippo"]
[Result "1/2-1/2"]
[WhiteElo "1890"]
[BlackElo "1611"]
[PlyCount "43"]
[EventDate "2016.02.26"]
[EventType "swiss"]
[EventCountry "GER"]
[WhiteTeam "Herrenberg SV"]
[BlackTeam "ITA"]
[WhiteTeamCountry "GER"]
[BlackTeamCountry "ITA"]

1. e4 c5 2. Nf3 e6 3. c3 Nf6 4. e5 Nd5 5. d4 cxd4 6. cxd4 Nc6 7. a3 Be7 8. Nc3
Nxc3 9. bxc3 d5 10. Bd3 O-O 11. O-O f6 12. Qc2 f5 13. a4 Bd7 14. Bd2 Rc8 15.
Qa2 Na5 16. Rab1 b6 17. Ba6 Rc7 18. Rfd1 Nc4 19. Bc1 Bc8 20. Bxc8 Qxc8 21. Nd2
Na5 22. Bb2 1/2-1/2

[Event "Woerishofen sen 2016"]
[Site "Bad Woerishofen"]
[Date "2016.03.04"]
[Round "8.36"]
[White "Huhn, Ulrich"]
[Black "Aust, Werner"]
[Result "1-0"]
[WhiteElo "1873"]
[BlackElo "1786"]
[PlyCount "83"]
[EventDate "2016.02.26"]
[EventType "swiss"]
[EventCountry "GER"]
[WhiteTeam "Siemensstadt SF"]
[BlackTeam "Eichlinghofen SV"]
[WhiteTeamCountry "GER"]
[BlackTeamCountry "GER"]

1. d4 e5 2. e4 exd4 3. Nf3 Nc6 4. Nxd4 Nf6 5. Nxc6 bxc6 6. Bd3 d6 7. b3 Be7 8.
O-O O-O 9. Bb2 Re8 10. Re1 Ng4 11. h3 Ne5 12. f4 Ng6 13. f5 Ne5 14. Bxe5 dxe5
15. Nd2 Bc5+ 16. Kh1 Bd4 17. Rb1 a5 18. Nf3 Bc5 19. Qe2 Bb4 20. Rf1 Qe7 21. g4
h6 22. Rg1 g5 23. fxg6 fxg6 24. Rbf1 Rf8 25. Bc4+ Kg7 26. Qh2 Bd6 27. Qg3 Bd7
28. Nh4 Rf4 29. Nf5+ gxf5 30. gxf5+ Qg5 31. Qe1 Rxf1 32. Qxf1 Rf8 33. h4 Bxf5
34. exf5 Qxg1+ 35. Qxg1+ Kf6 36. Qg6+ Ke7 37. Qg7+ Ke8 38. Be6 Be7 39. Qxe5 Bd6
40. Qxa5 Ke7 41. Qc3 c5 42. Qg7+ 1-0